ACOTAR Characters by Fan Art - Statistics

General Stats
  • This quiz has been taken 126 times
  • The average score is 10 of 12
Answer Stats
Picture Answer % Correct
Rhysand
100%
Feyre
97%
Lucien
95%
Tamlin
94%
Cassian
93%
Nesta
93%
Azriel
91%
Amarantha
88%
Elain
87%
Morrigan
80%
Ianthe
61%
Jurian
31%
No matching quizzes found
Score Distribution
Percent of People with Each Score
Percentile by Number Answered
Your Score History
You have not taken this quiz